History of economic thought (Record no. 11262)
[ view plain ]
| 000 -LEADER | |
|---|---|
| fixed length control field | 00500nam a22001817a 4500 |
| 005 - DATE AND TIME OF LATEST TRANSACTION | |
| control field | 20220201132225.0 |
| 008 - FIXED-LENGTH DATA ELEMENTS--GENERAL INFORMATION | |
| fixed length control field | 220201b ||||| |||| 00| 0 eng d |
| 020 ## - INTERNATIONAL STANDARD BOOK NUMBER | |
| International Standard Book Number | 9789385756689 |
| 040 ## - CATALOGING SOURCE | |
| Original cataloging agency | IN-DiNC |
| Transcribing agency | IN-DiNC |
| 041 ## - LANGUAGE CODE | |
| Language code of sung or spoken text | English |
| 082 ## - DEWEY DECIMAL CLASSIFICATION NUMBER | |
| Classification number | 330/SIN |
| 100 ## - MAIN ENTRY--PERSONAL NAME | |
| Personal name | Singh N. Ritikumar |
| Relator term | Author |
| 245 ## - TITLE STATEMENT | |
| Title | History of economic thought |
| Remainder of title | Blend of facts and artifacts |
| Statement of responsibility, etc. | by N. Ritikumar Singh |
| 250 ## - EDITION STATEMENT | |
| Edition statement | 1st |
| 260 ## - PUBLICATION, DISTRIBUTION, ETC. | |
| Place of publication, distribution, etc. | Baraut |
| Name of publisher, distributor, etc. | Balaji publications |
| Date of publication, distribution, etc. | 2021 |
| 300 ## - PHYSICAL DESCRIPTION | |
| Extent | 275p. |
| 942 ## - ADDED ENTRY ELEMENTS (KOHA) | |
| Source of classification or shelving scheme | Dewey Decimal Classification |
| Koha item type | Books |
| Withdrawn status | Lost status | Source of classification or shelving scheme | Damaged status | Not for loan | Collection code | Home library | Current library | Shelving location | Date acquired | Cost, normal purchase price | Total Checkouts | Full call number | Barcode | Date due | Date last seen | Date last checked out | Copy number | Price effective from | Koha item type |
|---|---|---|---|---|---|---|---|---|---|---|---|---|---|---|---|---|---|---|---|
| Dewey Decimal Classification | Economics | Central Library, Naharkatiya College | Central Library, Naharkatiya College | General Stacks | 01/02/2022 | 895.00 | 1 | 330/SIN | 28815 | 09/05/2026 | 20/04/2026 | 20/04/2026 | 1 | 01/02/2022 | Books |
